[Event "Rated Blitz game"]
[Site "?"]
[Date "2021.11.05"]
[Round "?"]
[White "Ivanchuch"]
[Black "rofaidah"]
[Result "0-1"]
[WhiteElo "2465"]
[BlackElo "2476"]
[PlyCount "80"]
[EventDate "2021.??.??"]
[EventType "blitz"]

1. e4 e5 2. Nf3 d5 3. Nxe5 Qe7 4. d4 f6 5. Nf3 dxe4 6. Nfd2 Nc6 7. c3 Bd7 8.
Be2 O-O-O 9. Nc4 f5 10. O-O g5 11. b4 f4 12. Bg4 h5 13. Bxd7+ Qxd7 14. a4 f3
15. Re1 Nf6 16. gxf3 exf3 17. Qxf3 Be7 18. Ne5 Nxe5 19. Rxe5 Kb8 20. Bxg5 Rhg8
21. Kh1 Rdf8 22. Nd2 Bd8 23. Qe2 Ng4 24. Be3 Nxe5 25. dxe5 Qd5+ 26. f3 Bg5 27.
Bxg5 Rxg5 28. Ne4 Rxe5 29. Rd1 Qe6 30. Qd3 b6 31. Kg2 Rg8+ 32. Kf2 h4 33. Qd7
Qa2+ 34. Rd2 Qa1 35. a5 Qg1+ 36. Ke2 Rg2+ 37. Kd3 Qb1+ 38. Kc4 b5+ 39. Kd4
Rxe4+ 40. fxe4 Rxd2+ {Normal} 0-1

[Event "Rated Blitz game"]
[Site "?"]
[Date "2021.11.05"]
[Round "?"]
[White "the0storm"]
[Black "Annali-annaliew1979"]
[Result "0-1"]
[WhiteElo "2456"]
[BlackElo "2414"]
[PlyCount "109"]
[EventDate "2021.??.??"]
[EventType "blitz"]

1. e4 e5 2. Nf3 d5 3. exd5 e4 4. Qe2 f5 5. d3 Nf6 6. Nc3 Bb4 7. dxe4 Bxc3+ 8.
bxc3 fxe4 9. Nd2 O-O 10. c4 c6 11. Bb2 Qa5 12. O-O-O cxd5 13. cxd5 Na6 14. Nxe4
Nxe4 15. Qxe4 Bf5 16. Qd4 Qc7 17. Bd3 Bxd3 18. Qxd3 Nb4 19. Qb3 a5 20. d6+ Qf7
21. Kb1 Qxb3 22. axb3 Rad8 23. Rhe1 Rxf2 24. Re7 Nc6 25. Rxg7+ Kf8 26. Rxb7 Rf7
27. Rxf7+ Kxf7 28. Ba3 Rd7 29. Bc5 Ke6 30. c4 Ne5 31. Re1 Kf5 32. Kc2 h5 33. h3
h4 34. Kc3 Nc6 35. Rg1 Kf4 36. Ra1 Rg7 37. Rd1 Rg3+ 38. Kb2 Rxg2+ 39. Ka3 Rg8
40. d7 Ke5 41. Bb6 Nd8 42. Rd5+ Ke6 43. Bxa5 Ke7 44. b4 Rg3+ 45. Ka4 Rxh3 46.
b5 Rh1 47. Bxd8+ Kxd8 48. Kb4 h3 49. c5 h2 50. c6 Rb1+ 51. Kc5 Rc1+ 52. Kd6
h1=Q 53. Re5 Qh2 54. Ke6 Qh6+ 55. Kd5 {Normal} 0-1

[Event "Rated Blitz game"]
[Site "?"]
[Date "2021.11.05"]
[Round "?"]
[White "BeReadyToLose"]
[Black "King_bg03"]
[Result "1-0"]
[WhiteElo "2657"]
[BlackElo "2581"]
[PlyCount "63"]
[EventDate "2021.??.??"]
[EventType "blitz"]

1. e4 e5 2. Nf3 d5 3. exd5 e4 4. Qe2 Qe7 5. Nd4 Nf6 6. Nc3 Nbd7 7. d3 exd3 8.
Qxe7+ Bxe7 9. Bxd3 Nb6 10. Ndb5 Nfxd5 11. Nxd5 Nxd5 12. c4 Nb4 13. Bb1 Na6 14.
Be3 Be6 15. Bd3 c6 16. Nd4 Nb4 17. Nxe6 Nxd3+ 18. Ke2 Nxf2 19. Nxg7+ Kf8 20.
Ne6+ fxe6 21. Rhf1 Kg7 22. Bd4+ Bf6 23. Bxf6+ Kxf6 24. Rxf2+ Ke7 25. Raf1 Kd6
26. Rf7 b6 27. b4 Ke5 28. R1f3 Rhg8 29. Re3+ Kd6 30. g3 Rg4 31. Kd3 b5 32. c5+
{Normal} 1-0

[Event "Rated Blitz tournament Eeqy6Cps"]
[Site "?"]
[Date "2021.11.05"]
[Round "?"]
[White "amzbkd"]
[Black "Bis_Kecil_BKD"]
[Result "1-0"]
[WhiteElo "2318"]
[BlackElo "2452"]
[PlyCount "101"]
[EventDate "2021.??.??"]
[EventType "blitz"]

1. e4 e5 2. Nf3 d5 3. Nxe5 dxe4 4. d4 Nd7 5. Nxd7 Bxd7 6. Bc4 Nf6 7. O-O Bd6 8.
Nd2 h5 9. Re1 Bxh2+ 10. Kxh2 Ng4+ 11. Kg1 Qh4 12. Nf1 Qxf2+ 13. Kh1 O-O-O 14.
Qe2 Qh4+ 15. Kg1 Bc6 16. c3 e3 17. d5 Bxd5 18. Bxd5 Rxd5 19. Bxe3 Re8 20. Qf3
Rde5 21. g3 Qh3 22. Bd2 h4 23. Qxf7 hxg3 24. Rxe5 Rxe5 25. Bf4 g2 26. Qf8+ Kd7
27. Rd1+ Kc6 28. Nh2 Nxh2 29. Bxe5 Nf3+ 30. Kf2 g1=Q+ 31. Rxg1 Nxg1 32. Qe8+
Kb6 33. Bd4+ c5 34. Qd8+ Ka6 35. Qd6+ b6 36. Kxg1 Qf3 37. Bf2 Qg4+ 38. Qg3 Qf5
39. Qd3+ Qxd3 40. Kg2 Qb1 41. Bg3 Qc2+ 42. Bf2 Kb7 43. Kf3 Qxb2 44. c4 Qxa2 45.
Be3 Qxc4 46. Kf2 Qb3 47. Bf4 a5 48. Be3 a4 49. Bd2 Qc4 50. Be3 a3 51. Kg3 {
Time forfeit} 1-0

[Event "Rated Blitz game"]
[Site "?"]
[Date "2021.11.05"]
[Round "?"]
[White "AlaaElhares30"]
[Black "rofaidah"]
[Result "1/2-1/2"]
[WhiteElo "2561"]
[BlackElo "2486"]
[PlyCount "119"]
[EventDate "2021.??.??"]
[EventType "blitz"]

1. e4 e5 2. Nf3 d5 3. exd5 e4 4. Qe2 Nf6 5. d3 Bf5 6. Nc3 Bb4 7. dxe4 Bxc3+ 8.
bxc3 Bxe4 9. Ng5 O-O 10. Nxe4 Nxe4 11. Qd3 Re8 12. Be2 Qf6 13. Be3 Nxc3 14. Bf3
Nxd5 15. O-O Nxe3 16. fxe3 Nc6 17. Bd5 Ne5 18. Rxf6 Nxd3 19. Bxf7+ Kh8 20. Bxe8
gxf6 21. cxd3 Rxe8 22. Kf2 Kg7 23. Rc1 c6 24. Rb1 Re7 25. Kf3 Kf7 26. d4 f5 27.
h3 Kf6 28. g4 fxg4+ 29. hxg4 Kg5 30. Rh1 Rf7+ 31. Kg3 Re7 32. Rh5+ Kg6 33. Kf4
Rf7+ 34. Ke4 Rf2 35. Re5 Rxa2 36. Re7 Rb2 37. Ke5 a5 38. e4 a4 39. Ke6 a3 40.
Re8 a2 41. Rg8+ Kh6 42. g5+ Kh5 43. Ra8 c5 44. dxc5 Kxg5 45. e5 Kf4 46. Kf6 h5
47. e6 Re2 48. e7 h4 49. Rxa2 Rxa2 50. e8=Q Rf2 51. Qe5+ Kg4+ 52. Kg6 h3 53.
Qe4+ Kg3 54. Kg5 h2 55. Qe3+ Kg2 56. Qe4+ Kg1 57. Qe1+ Kg2 58. Qe4+ Kg1 59.
Qe1+ Kg2 60. Qe4+ {Normal} 1/2-1/2

[Event "Rated Blitz game"]
[Site "?"]
[Date "2021.11.05"]
[Round "?"]
[White "fiddle_master"]
[Black "SerialDrinker"]
[Result "1-0"]
[WhiteElo "2412"]
[BlackElo "2351"]
[PlyCount "71"]
[EventDate "2021.??.??"]
[EventType "blitz"]

1. e4 e5 2. Nf3 d5 3. exd5 e4 4. Qe2 Nf6 5. Nc3 Be7 6. Nxe4 O-O 7. d3 Nxd5 8.
Bd2 f5 9. Nc3 Re8 10. O-O-O Bb4 11. Qxe8+ Qxe8 12. Nxd5 Bxd2+ 13. Rxd2 Na6 14.
Be2 Be6 15. Nc3 Qf7 16. Ng5 Qf6 17. Nxe6 Qxe6 18. Bf3 c6 19. Re2 Qd6 20. g3 h6
21. Rhe1 Kf7 22. a3 Rd8 23. h4 g6 24. Kb1 Nc7 25. Re3 Rd7 26. Bg2 Nd5 27. Nxd5
cxd5 28. d4 b6 29. c3 Kf6 30. f4 g5 31. hxg5+ hxg5 32. Re5 gxf4 33. gxf4 Rh7
34. Bxd5 Kg7 35. Rxf5 Rh6 36. Rg5+ {Time forfeit} 1-0

[Event "Rated Blitz game"]
[Site "?"]
[Date "2021.11.05"]
[Round "?"]
[White "hongnhung2101"]
[Black "Minty0209"]
[Result "0-1"]
[WhiteElo "2430"]
[BlackElo "2352"]
[PlyCount "64"]
[EventDate "2021.??.??"]
[EventType "blitz"]

1. e4 e5 2. Nf3 d5 3. exd5 e4 4. Qe2 Qe7 5. Nd4 Qe5 6. Nb3 f5 7. Nc3 Nf6 8. d3
Bb4 9. Bd2 c6 10. dxe4 fxe4 11. O-O-O O-O 12. Qc4 c5 13. Kb1 Nbd7 14. a3 Bxc3
15. Bxc3 Qd6 16. Be2 a6 17. Bxf6 Qxf6 18. Qxe4 b5 19. d6 Rb8 20. Qd5+ Kh8 21.
Nxc5 Nb6 22. Qh5 Bf5 23. Bd3 Bxd3 24. Rxd3 Nc4 25. c3 Qxf2 26. Kc1 Qxb2+ 27.
Kd1 Qb1+ 28. Ke2 Qc2+ 29. Ke1 Rbe8+ 30. Qxe8 Rxe8+ 31. Kf1 Qe2+ 32. Kg1 Qe1# {
Normal} 0-1

[Event "Rated Blitz game"]
[Site "?"]
[Date "2021.11.05"]
[Round "?"]
[White "dim62"]
[Black "King_bg03"]
[Result "1-0"]
[WhiteElo "2423"]
[BlackElo "2575"]
[PlyCount "99"]
[EventDate "2021.??.??"]
[EventType "blitz"]

1. e4 e5 2. Nf3 d5 3. Nxe5 Bd6 4. d4 dxe4 5. Nc4 Nf6 6. Nc3 O-O 7. Bg5 Be7 8.
Be2 Nc6 9. d5 Nb4 10. Ne3 h6 11. Bh4 Nfxd5 12. Nexd5 Nxd5 13. Qxd5 Bxh4 14.
Qxe4 Re8 15. Rd1 Qxd1+ 16. Bxd1 Rxe4+ 17. Nxe4 Bf5 18. Ng3 Re8+ 19. Kf1 Bg6 20.
Ne2 Rd8 21. Ke1 Bf6 22. c3 Bg5 23. f4 Bf6 24. Bb3 Be4 25. Kf2 Rd2 26. Rd1 Rxb2
27. Rd7 Bg6 28. g4 Kh7 29. f5 Bxc3 30. fxg6+ fxg6 31. Ke3 Be5 32. h4 Bf6 33. h5
Bg5+ 34. Kf3 Rd2 35. Rxc7 Rd3+ 36. Kf2 Bd8 37. Rxb7 Bb6+ 38. Ke1 Rd6 39. Bc2
Kg8 40. Bxg6 Kf8 41. Rf7+ Kg8 42. Re7 Rd8 43. Nf4 Bc5 44. Rc7 Bb4+ 45. Ke2 Bd6
46. Rf7 Bxf4 47. Rxf4 Rc8 48. Re4 Rd8 49. Re7 Re8 50. Rxe8# {Normal} 1-0

[Event "Rated Blitz game"]
[Site "?"]
[Date "2021.11.05"]
[Round "?"]
[White "dim62"]
[Black "King_bg03"]
[Result "0-1"]
[WhiteElo "2430"]
[BlackElo "2567"]
[PlyCount "96"]
[EventDate "2021.??.??"]
[EventType "blitz"]

1. e4 e5 2. Nf3 d5 3. exd5 e4 4. Ne5 Qxd5 5. d4 exd3 6. Nxd3 Nf6 7. Nc3 Qd8 8.
Bg5 Be7 9. Be2 O-O 10. O-O Nc6 11. Re1 Bf5 12. Bf1 Re8 13. Qf3 Nd4 14. Qd1 Qd6
15. Bf4 Qd8 16. Be5 Ng4 17. Bg3 c5 18. h3 Nf6 19. Rc1 c4 20. Ne5 Nxc2 21. Bxc4
Nxe1 22. Bxf7+ Kh8 23. Qxe1 Rf8 24. Bb3 Qe8 25. Qe3 a6 26. Re1 Qh5 27. Nf7+
Rxf7 28. Bxf7 Qxf7 29. Qxe7 Kg8 30. Bh4 Re8 31. Qxf7+ Kxf7 32. Rd1 Ne4 33. Nxe4
Rxe4 34. g4 Re2 35. gxf5 Rxb2 36. Rd7+ Kf8 37. Bg3 Rb5 38. f6 gxf6 39. Rxh7
Rb1+ 40. Kg2 b5 41. h4 Kg8 42. Ra7 b4 43. Rxa6 Kg7 44. Bf4 b3 45. axb3 Rxb3 46.
h5 Rb4 47. Kg3 Rb5 48. h6+ Kf7 {Time forfeit} 0-1

[Event "Rated Rapid game"]
[Site "?"]
[Date "2021.11.05"]
[Round "?"]
[White "UltraBuller"]
[Black "sssssssssssss60"]
[Result "1-0"]
[WhiteElo "2469"]
[BlackElo "2322"]
[PlyCount "77"]
[EventDate "2021.??.??"]
[EventType "rapid"]

1. e4 e5 2. Nf3 d5 3. d4 dxe4 4. Nxe5 Nd7 5. Qe2 Ngf6 6. Qc4 Nxe5 7. dxe5 Be6
8. Qb5+ c6 9. Qxb7 Rb8 10. Qxc6+ Bd7 11. Qc4 Qa5+ 12. Nc3 Qxe5 13. g3 Qf5 14.
Bg2 Rc8 15. Qb3 Bc5 16. O-O O-O 17. Na4 Be6 18. Qc3 Qh5 19. Nxc5 Rxc5 20. Qd4
Rd5 21. Qxa7 Bh3 22. c4 Rd3 23. Qb7 h6 24. Be3 Bxg2 25. Kxg2 Ng4 26. Qxe4 Qxh2+
27. Kf3 Rxe3+ 28. fxe3 h5 29. Rae1 f6 30. Qd5+ Kh8 31. e4 Ne5+ 32. Ke3 Qxb2 33.
Rd1 Ng4+ 34. Kd3 Qa3+ 35. Kd2 Qb2+ 36. Kd3 Qa3+ 37. Kd2 Ne5 38. Rf5 Qd3+ 39.
Qxd3 {Normal} 1-0

[Event "Rated Blitz game"]
[Site "?"]
[Date "2021.11.05"]
[Round "?"]
[White "MihailRodin"]
[Black "DOOGE228"]
[Result "1-0"]
[WhiteElo "2472"]
[BlackElo "2464"]
[PlyCount "43"]
[EventDate "2021.??.??"]
[EventType "blitz"]

1. e4 e5 2. Nf3 d5 3. exd5 e4 4. Qe2 Nf6 5. Nc3 Be7 6. Nxe4 O-O 7. d3 Re8 8.
Qd1 Qxd5 9. Nxf6+ Bxf6+ 10. Be2 c5 11. O-O Nc6 12. c3 h6 13. Be3 Bf5 14. Qd2
Rad8 15. Rfd1 b6 16. h3 Qe6 17. Bf1 Rd7 18. Bf4 Red8 19. Re1 Qd5 20. c4 Qxc4
21. dxc4 Rxd2 22. Nxd2 {Normal} 1-0

[Event "Rated Blitz game"]
[Site "?"]
[Date "2021.11.05"]
[Round "?"]
[White "ponzianipower"]
[Black "khalid_ontawar"]
[Result "1-0"]
[WhiteElo "2510"]
[BlackElo "2489"]
[PlyCount "63"]
[EventDate "2021.??.??"]
[EventType "blitz"]

1. e4 e5 2. Nf3 d5 3. exd5 e4 4. Nd4 Qxd5 5. Nb3 Qe5 6. Nc3 Bd6 7. Be2 Nf6 8.
d4 exd3 9. cxd3 O-O 10. Be3 Nc6 11. d4 Qe7 12. h3 Bf5 13. O-O Ne4 14. Re1 Nxc3
15. bxc3 Rad8 16. Bf3 Qf6 17. Qd2 h6 18. Bf4 Na5 19. Nxa5 Bxh3 20. Bxd6 Rxd6
21. Nxb7 Rb6 22. Nc5 Qg6 23. Qf4 Bc8 24. Qg3 Qh7 25. Be4 f5 26. Bd5+ Kh8 27.
Qxc7 Rg6 28. Re7 Rg5 29. Rae1 f4 30. Re8 Rgf5 31. Qxc8 Qg6 32. Rxf8+ {Normal}
1-0

[Event "Rated Blitz game"]
[Site "?"]
[Date "2021.11.05"]
[Round "?"]
[White "BlackBond"]
[Black "mirekkk14"]
[Result "0-1"]
[WhiteElo "2457"]
[BlackElo "2399"]
[PlyCount "128"]
[EventDate "2021.??.??"]
[EventType "blitz"]

1. e4 e5 2. Nf3 d5 3. Nxe5 Bd6 4. d4 dxe4 5. Nc4 Nf6 6. Nc3 O-O 7. Bg5 h6 8.
Bh4 Re8 9. Ne3 Bb4 10. Bc4 Nc6 11. d5 Ne5 12. Bb3 a5 13. a3 Bxc3+ 14. bxc3 a4
15. Ba2 Qd6 16. Bg3 Qc5 17. Qd4 Qd6 18. Nc4 Nxc4 19. Bxd6 Nxd6 20. O-O b6 21.
c4 Bf5 22. Rab1 Nd7 23. Rbe1 Nc5 24. c3 Bg6 25. Re3 f5 26. Rfe1 Kh7 27. h4 f4
28. R3e2 Rf8 29. Bb1 Rae8 30. h5 Bxh5 31. f3 Bg6 32. fxe4 f3 33. gxf3 Rxf3 34.
e5 Nf5 35. Bxf5 Bxf5 36. Rg2 g5 37. e6 Kg6 38. Rf1 Rxf1+ 39. Kxf1 Bh3 40. Kg1
Bxg2 41. Kxg2 Rf8 42. Qe5 Na6 43. e7 Re8 44. Qe6+ Kg7 45. Qd7 Kf7 46. Qe6+ Kg7
47. Kg3 Nc5 48. Qe5+ Kf7 49. Qxc7 Rxe7 50. d6 Rxc7 51. dxc7 Ne4+ 52. Kg4 Nd6
53. Kh5 Kf6 54. c5 bxc5 55. Kxh6 g4 56. Kh5 g3 57. Kg4 g2 58. Kf3 g1=Q 59. Ke2
Nc8 60. Kd3 Qb1+ 61. Kc4 Qb3+ 62. Kxc5 Qxc3+ 63. Kb5 Qxc7 64. Ka6 Qb6# {Normal}
0-1

[Event "Rated Blitz tournament Eeqy6Cps"]
[Site "?"]
[Date "2021.11.05"]
[Round "?"]
[White "ekurniawan_BKD"]
[Black "Bis_Kecil_BKD"]
[Result "0-1"]
[WhiteElo "2250"]
[BlackElo "2452"]
[PlyCount "58"]
[EventDate "2021.??.??"]
[EventType "blitz"]

1. e4 e5 2. Nf3 d5 3. d4 dxe4 4. Nxe5 Nd7 5. Nc4 Ngf6 6. Be2 c5 7. O-O cxd4 8.
Qxd4 Nb6 9. Nxb6 Qxd4 10. Nxa8 b6 11. Bf4 Bd6 12. Rd1 Qxd1+ 13. Bxd1 Bxf4 14.
g3 Be5 15. a4 Bb7 16. a5 b5 17. Na3 Bxb2 18. Nc7+ Kd7 19. Ra2 Bxa3 20. Rxa3
Kxc7 21. Rc3+ Bc6 22. f3 a6 23. g4 Rd8 24. Be2 Rd2 25. Kf1 Nd5 26. Rc5 Ne3+ 27.
Ke1 Rxc2 28. Rh5 exf3 29. Bd3 f2# {Normal} 0-1

[Event "Rated Blitz game"]
[Site "?"]
[Date "2021.11.05"]
[Round "?"]
[White "LhakpaLa"]
[Black "malcriado007"]
[Result "0-1"]
[WhiteElo "2321"]
[BlackElo "2482"]
[PlyCount "100"]
[EventDate "2021.??.??"]
[EventType "blitz"]

1. e4 e5 2. Nf3 d5 3. d3 dxe4 4. dxe4 Qxd1+ 5. Kxd1 Bg4 6. c3 Nf6 7. Bd3 Bc5 8.
Be3 Bxf3+ 9. gxf3 Bd6 10. Ke2 Nh5 11. Rg1 g6 12. Nd2 Nd7 13. b4 a5 14. a3 axb4
15. axb4 Ke7 16. Nb3 c6 17. Na5 Rab8 18. Rab1 Nf4+ 19. Bxf4 exf4 20. c4 Ne5 21.
c5 Bc7 22. Nc4 f6 23. Nxe5 Bxe5 24. Bc4 Ra8 25. Kf1 Ra3 26. Kg2 Rc3 27. Rgc1
Rd8 28. Rxc3 Bxc3 29. b5 Rd4 30. bxc6 bxc6 31. Bg8 h5 32. Rb7+ Kd8 33. Rg7 g5
34. Bf7 Rd2 35. Bxh5 Bd4 36. Bg4 Bxc5 37. Rf7 Bxf2 38. Kf1 Bd4 39. Ke1 Rd3 40.
Ke2 Re3+ 41. Kd2 c5 42. Rd7+ Ke8 43. Rc7 Ra3 44. Rc6 Ra2+ 45. Kd3 Rxh2 46. Kc4
Rg2 47. Kd5 Rxg4 48. Ke6 Kf8 49. fxg4 f3 50. Ra6 f2 {Normal} 0-1

[Event "Rated Blitz game"]
[Site "?"]
[Date "2021.11.05"]
[Round "?"]
[White "Apuwins"]
[Black "batasjon"]
[Result "0-1"]
[WhiteElo "2450"]
[BlackElo "2454"]
[PlyCount "62"]
[EventDate "2021.??.??"]
[EventType "blitz"]

1. e4 e5 2. Nf3 d5 3. Nxe5 Bd6 4. d4 dxe4 5. Nc4 Nf6 6. Nc3 O-O 7. Bg5 Be7 8.
Qd2 Nc6 9. O-O-O Bg4 10. Be2 Bxe2 11. Nxe2 Qd5 12. b3 Rad8 13. c3 b5 14. Bxf6
bxc4 15. Bxe7 Nxe7 16. Qc2 cxb3 17. Qxb3 Qg5+ 18. Kc2 Nd5 19. g3 e3 20. f4 Qf5+
21. Kc1 Rb8 22. Qc2 Qe6 23. a3 Qa6 24. a4 Qd6 25. Qa2 Rb6 26. Kc2 Qg6+ 27. Rd3
Rfb8 28. Nc1 Qe4 29. Re1 e2 30. Rxe2 Qh1 31. Qxd5 Qxd5 {Normal} 0-1

[Event "Rated Blitz tournament oJ5QU5Jn"]
[Site "?"]
[Date "2021.11.05"]
[Round "?"]
[White "BaleevK"]
[Black "turkmen_fighter"]
[Result "1-0"]
[WhiteElo "2411"]
[BlackElo "2307"]
[PlyCount "79"]
[EventDate "2021.??.??"]
[EventType "blitz"]

1. e4 e5 2. Nf3 d5 3. Nxe5 Bd6 4. d4 dxe4 5. Nc4 Nf6 6. Be2 O-O 7. Bg5 Nbd7 8.
Ne3 h6 9. Bh4 c6 10. O-O Qc7 11. Bg3 Nd5 12. Qd2 N7f6 13. c4 Nxe3 14. Qxe3 Be6
15. b3 Bxg3 16. fxg3 Rad8 17. Nc3 a6 18. Rad1 Qa5 19. Rxf6 gxf6 20. Nxe4 Bf5
21. Nxf6+ Kg7 22. Nh5+ Kh7 23. Bd3 Bg6 24. Nf6+ Kg7 25. Ng4 Qg5 26. Qxg5 hxg5
27. Be2 Rfe8 28. Kf2 Re4 29. d5 cxd5 30. cxd5 Rd6 31. Bf3 Re8 32. Ne3 f5 33. g4
f4 34. Nc4 Rd7 35. a4 Red8 36. a5 Bf7 37. Nb6 Rd6 38. Rc1 Kf6 39. Rc7 Bg8 40.
Rxb7 {Normal} 1-0

[Event "Rated Blitz game"]
[Site "?"]
[Date "2021.11.05"]
[Round "?"]
[White "chesssupersam"]
[Black "rofaidah"]
[Result "0-1"]
[WhiteElo "2475"]
[BlackElo "2469"]
[PlyCount "56"]
[EventDate "2021.??.??"]
[EventType "blitz"]

1. e4 e5 2. Nf3 d5 3. Nxe5 Qe7 4. d4 f6 5. Nd3 dxe4 6. Nf4 Bf5 7. Be3 Nc6 8.
Nd5 Qd7 9. Bc4 O-O-O 10. Nd2 Be6 11. Nc3 Bxc4 12. Nxc4 Nxd4 13. O-O f5 14. Ne5
Nf3+ 15. gxf3 Qe6 16. Qxd8+ Kxd8 17. Rad1+ Bd6 18. f4 Nf6 19. Nb5 Kc8 20. Nxa7+
Kb8 21. Nb5 Bxe5 22. fxe5 Qxe5 23. c4 f4 24. Bd4 Qh5 25. Bxf6 f3 26. Kh1 gxf6
27. Rg1 e3 28. Rd5 Qh3 {Normal} 0-1

[Event "Rated Blitz game"]
[Site "?"]
[Date "2021.11.05"]
[Round "?"]
[White "siskarLJ"]
[Black "kahrimao"]
[Result "0-1"]
[WhiteElo "2497"]
[BlackElo "2312"]
[PlyCount "78"]
[EventDate "2021.??.??"]
[EventType "blitz"]

1. e4 e5 2. Nf3 d5 3. exd5 e4 4. Qe2 Nf6 5. d3 Bb4+ 6. c3 O-O 7. cxb4 exf3 8.
Qxf3 Re8+ 9. Be3 Nxd5 10. a3 Nc6 11. Be2 Ne5 12. Qg3 Nxe3 13. fxe3 Nxd3+ 14.
Kf1 Nxb2 15. Kf2 Qf6+ 16. Qf3 Nd3+ 17. Bxd3 Qxa1 18. Rf1 Qf6 19. Qxf6 gxf6 20.
Nd2 Rd8 21. Ke2 Bg4+ 22. Nf3 Rd6 23. Be4 c6 24. h3 Bxf3+ 25. gxf3 Rad8 26. f4
Rd2+ 27. Kf3 Ra2 28. Rg1+ Kh8 29. b5 cxb5 30. Bxb7 Rxa3 31. Be4 b4 32. Rc1 Rc3
33. Ra1 Rd7 34. Ra6 b3 35. Rxf6 b2 36. Rh6 Rb3 37. Rxh7+ Kg8 38. Bb1 Rd1 39.
Bf5 b1=Q {Normal} 0-1

[Event "Rated Blitz game"]
[Site "?"]
[Date "2021.11.05"]
[Round "?"]
[White "siskarLJ"]
[Black "GrandeGila"]
[Result "1-0"]
[WhiteElo "2484"]
[BlackElo "2508"]
[PlyCount "121"]
[EventDate "2021.??.??"]
[EventType "blitz"]

1. e4 e5 2. Nf3 d5 3. exd5 e4 4. Qe2 Nf6 5. Nc3 Be7 6. Nxe4 Nxd5 7. d4 O-O 8.
c4 Nf6 9. Nxf6+ Bxf6 10. Be3 c5 11. O-O-O Qa5 12. Kb1 Bf5+ 13. Ka1 Nc6 14. Bd2
Nb4 15. Bxb4 cxb4 16. Qd2 Qa4 17. b3 Qa5 18. Bd3 Bg4 19. Qf4 Bxf3 20. gxf3 Rad8
21. Bc2 Qb6 22. Kb1 Rxd4 23. Rxd4 Bxd4 24. Qe4 g6 25. h4 Bxf2 26. h5 Qd4 27.
hxg6 fxg6 28. Qxb7 Rf7 29. Qxb4 Bg3 30. Rd1 Qf4 31. Be4 Bh4 32. a4 Kg7 33. Qc3+
Bf6 34. Qd2 Qe5 35. Ka2 a5 36. Bd5 Rd7 37. f4 Qd6 38. f5 Re7 39. Rh1 h5 40.
fxg6 Qe5 41. Rb1 h4 42. Bf7 Rb7 43. Rc1 Rb8 44. c5 Rd8 45. Qc2 Rd3 46. c6 Qd4
47. c7 Rd2 48. c8=Q Qb2+ 49. Qxb2 Rxb2+ 50. Ka3 Rg2 51. Qg8+ Kh6 52. Qh7+ Kg5
53. Bc4 h3 54. Qf7 h2 55. Qd5+ Kh6 56. Qxg2 Be7+ 57. Ka2 Kg7 58. Qxh2 Bd8 59.
Rf1 Bf6 60. Qh7+ Kf8 61. Qf7# {Normal} 1-0

[Event "Rated Blitz tournament rIEjLoun"]
[Site "?"]
[Date "2021.11.05"]
[Round "?"]
[White "rimac_c2"]
[Black "Gendut_BKD"]
[Result "0-1"]
[WhiteElo "2456"]
[BlackElo "2417"]
[PlyCount "142"]
[EventDate "2021.??.??"]
[EventType "blitz"]

1. e4 e5 2. Nf3 d5 3. exd5 e4 4. Qe2 Be7 5. Qxe4 Nf6 6. Qa4+ Nbd7 7. d4 O-O 8.
Bd3 Nb6 9. Qb3 Nbxd5 10. O-O Nb4 11. Bc4 Bf5 12. Na3 c6 13. Ne5 Qxd4 14. Nxf7
Nbd5 15. Ng5 Qg4 16. Qxb7 Bxa3 17. Bxd5+ cxd5 18. bxa3 h6 19. Nf3 Be4 20. Ne1
Qg6 21. f3 Bxc2 22. Bf4 Bf5 23. Rc1 Rae8 24. g4 Nxg4 25. fxg4 Qxg4+ 26. Ng2 Be4
27. Qb2 Bf3 28. Rxf3 Qxf3 29. Rf1 Qg4 30. Kh1 Re2 31. Ne3 Rxe3 32. Qd4 Rf3 33.
Rg1 Qxg1+ 34. Kxg1 R3xf4 35. Qxd5+ Kh7 36. h3 R4f5 37. Qd3 R8f6 38. Kg2 Rf7 39.
Qe4 h5 40. h4 g6 41. Kg3 Kg7 42. Qd4+ Kh7 43. Qe3 a5 44. Qe4 Kg7 45. a4 Kg8 46.
a3 Kg7 47. Qd4+ Kh7 48. Qd6 Kg8 49. Qxg6+ Rg7 50. Qxg7+ Kxg7 51. Kg2 Kf7 52.
Kg3 Ke6 53. Kg2 Kd5 54. Kg3 Ke5 55. Kg2 Rf4 56. Kg3 Rxa4 57. Kg2 Rxa3 58. Kf2
Rb3 59. Ke2 a4 60. Kd2 Kf4 61. Kc2 Kg4 62. Kc1 Kxh4 63. Kc2 Kg4 64. Kc1 h4 65.
Kc2 h3 66. Kc1 h2 67. Kc2 h1=Q 68. Kd2 Qh2+ 69. Kc1 Rc3+ 70. Kb1 Qc2+ 71. Ka1
Ra3# {Normal} 0-1

[Event "Rated Blitz game"]
[Site "?"]
[Date "2021.11.05"]
[Round "?"]
[White "PetarBosnjak"]
[Black "Frutek"]
[Result "0-1"]
[WhiteElo "2620"]
[BlackElo "2672"]
[PlyCount "112"]
[EventDate "2021.??.??"]
[EventType "blitz"]

1. e4 e5 2. Nf3 d5 3. exd5 e4 4. Qe2 Nf6 5. Nc3 Bb4 6. Qb5+ Bd7 7. Qxb4 exf3 8.
Qxb7 O-O 9. gxf3 Re8+ 10. Be2 Bh3 11. Rg1 Nbd7 12. d4 Nb6 13. Bh6 g6 14. O-O-O
Bd7 15. Qa6 Rb8 16. Bg5 Bf5 17. Bc4 Qd6 18. Nb5 Qb4 19. Bb3 Nbxd5 20. Nxc7 Bxc2
21. Nxe8 Bxb3 22. Nxf6+ Nxf6 23. axb3 Qxb3 24. Qa3 Rc8+ 25. Kb1 Qc2+ 26. Ka1
Nd5 27. Rc1 Qf5 28. Rxc8+ Qxc8 29. Qc5 Qa6+ 30. Kb1 Qd3+ 31. Qc2 Qxf3 32. Bh6
Qh3 33. Rc1 Qxh6 34. Qc8+ Kg7 35. Qc5 Qh5 36. Re1 Qf5+ 37. Ka1 Qd7 38. Re5 Qa4+
39. Qa3 Qd1+ 40. Ka2 Qxd4 41. Re2 Qc4+ 42. Qb3 Nb4+ 43. Ka3 Qxe2 44. Qxb4 Qxf2
45. b3 Qf6 46. Qc4 g5 47. b4 h6 48. b5 a6 49. Qc6 axb5 50. Qxb5 Qe7+ 51. Kb3
Qf6 52. Qc4 Qe6 53. Kc2 Qxc4+ 54. Kd2 Qh4 55. Ke2 Qxh2+ 56. Kf1 Qf4+ {Normal}
0-1

[Event "Rated Blitz game"]
[Site "?"]
[Date "2021.11.05"]
[Round "?"]
[White "LikaE4"]
[Black "Allkaida"]
[Result "1-0"]
[WhiteElo "2706"]
[BlackElo "2495"]
[PlyCount "41"]
[EventDate "2021.??.??"]
[EventType "blitz"]

1. e4 e5 2. Nf3 d5 3. exd5 Nf6 4. Nxe5 Bd6 5. Nc4 O-O 6. Nxd6 Qxd6 7. d4 Bg4 8.
Be2 h5 9. O-O Nbd7 10. c4 Rfe8 11. Bf3 Bxf3 12. Qxf3 Ng4 13. g3 Qg6 14. h4 Ndf6
15. Nc3 Ne4 16. Nxe4 Rxe4 17. Bf4 Rae8 18. Bxc7 f5 19. d6 f4 20. d7 Rf8 21.
Rfe1 {Normal} 1-0

[Event "Rated Blitz game"]
[Site "?"]
[Date "2021.11.05"]
[Round "?"]
[White "streamerchessLp"]
[Black "Annali-annaliew1979"]
[Result "0-1"]
[WhiteElo "2421"]
[BlackElo "2453"]
[PlyCount "106"]
[EventDate "2021.??.??"]
[EventType "blitz"]

1. e4 e5 2. Nf3 d5 3. exd5 e4 4. Qe2 f5 5. d3 Nf6 6. dxe4 fxe4 7. Nc3 Be7 8.
Nxe4 Nxe4 9. Qxe4 O-O 10. Bc4 Bb4+ 11. Kd1 Bd6 12. Be3 Bf5 13. Qd4 Nd7 14. Qc3
a6 15. a4 Qf6 16. Qxf6 Rxf6 17. Be2 Re8 18. c4 b6 19. Nd4 Bc5 20. Nxf5 Rxf5 21.
Bg4 Rf7 22. Be6 Bxe3 23. fxe3 Nc5 24. Bxf7+ Kxf7 25. b4 Nd3 26. Rf1+ Ke7 27.
Rb1 Kd6 28. Rb3 Ne5 29. Rc3 Ng4 30. Rf3 a5 31. h3 Ne5 32. c5+ Kxd5 33. bxa5
Nxf3 34. gxf3 bxa5 35. e4+ Kd4 36. Kd2 Rb8 37. Rd3+ Kxc5 38. Rd7 c6 39. Ra7 Rb3
40. Rxa5+ Kb4 41. Rf5 Kxa4 42. Rf7 c5 43. Ke2 c4 44. Rxg7 c3 45. Rxh7 Rb2+ 46.
Ke3 Rc2 47. Rc7 Kb3 48. e5 Rc1 49. f4 Rh1 50. Ke4 Rxh3 51. e6 c2 52. Kf5 Rc3
53. Ke4 Rxc7 {Normal} 0-1

[Event "Rated Blitz game"]
[Site "?"]
[Date "2021.11.05"]
[Round "?"]
[White "shilalovly"]
[Black "Annali-annaliew1979"]
[Result "0-1"]
[WhiteElo "2350"]
[BlackElo "2400"]
[PlyCount "94"]
[EventDate "2021.??.??"]
[EventType "blitz"]

1. e4 e5 2. Nf3 d5 3. exd5 e4 4. Qe2 f5 5. Nc3 Nf6 6. d3 Bb4 7. Bd2 Bxc3 8.
Bxc3 O-O 9. dxe4 Nxe4 10. Qc4 b5 11. Qxb5 Ba6 12. Qb3 Bxf1 13. Kxf1 Nd7 14. d6+
Kh8 15. dxc7 Qxc7 16. Nd4 Qf4 17. Be1 Nd2+ 18. Bxd2 Qxd2 19. Qe3 Qxe3 20. fxe3
Rab8 21. b3 Nc5 22. Ke2 Ne4 23. c4 g6 24. Rhf1 Rfe8 25. Rac1 Rbd8 26. Rf3 Ng5
27. Rf4 Ne4 28. Kf1 Nc5 29. Rc3 a5 30. g4 fxg4 31. Rxg4 Ne4 32. Rc2 Rf8+ 33.
Kg2 Rde8 34. Nf3 Nf6 35. Rf4 Rxe3 36. Rd2 Ree8 37. Rd6 Nh5 38. Rxf8+ Rxf8 39.
Rd7 Re8 40. Ng5 Re2+ 41. Kf3 Rxa2 42. Rxh7+ Kg8 43. Ra7 Ra3 44. Ne4 Rxb3+ 45.
Kg4 Rb4 46. Kg5 Rxc4 47. Kxg6 Nf4+ {Time forfeit} 0-1